Hazbin Hotel and Helluva Boss Characters - Statistics

General Stats
  • This quiz has been taken 184 times
    131 since last reset
  • The average score is 39 of 174
Answer Stats
Show Character % Correct
Helluva Boss Blitzo
96%
Moxxie
93%
Millie
91%
Stolas
91%
Loona
88%
Angel Dust
80%
Stella
80%
Alastor
79%
Octavia
79%
Vaggie
79%
Hazbin Hotel Charlie Morningstar
78%
Husk
76%
Vox
76%
Niffty
73%
Asmodeus
72%
Lucifer Morningstar
72%
Satan
70%
Velvette
68%
Fizzarolli
67%
Valentino
67%
Adam
62%
Emily
62%
Sir Pentious
62%
Sera
61%
Striker
61%
Lute
59%
Mammon
59%
Lilith
54%
Beelzebub
52%
Rosie
52%
Abel
51%
Cherri Bomb
51%
Baxter
49%
Vortex
49%
Carmilla Carmine
48%
Verosika Mayday
48%
St. Peter
44%
Zestial
44%
Kat
41%
Andrealphus
40%
Vassago
39%
Barbie Wire
37%
Katie Killjoy
37%
Paimon
37%
Leviathan
35%
Sallie May
34%
Mimzy
33%
Tom Trench
33%
Dazzle
32%
Razzle
32%
Other Characters Eve
30%
Fat Nuggets
29%
Maestro
29%
Martha
28%
Mrs. Mayberry
28%
Roo
28%
Zeezi
28%
Frank
27%
Keekee
27%
Speaker of God
27%
Molly
26%
Susan
26%
Agent 1
24%
Prick
24%
Travis
24%
Agent 2
23%
Glam
23%
Hatchet
23%
Glitz
22%
Rooster
22%
Joe
18%
Robo Fizz
17%
Belphagor
16%
Cash Buckzo
16%
Deerie
16%
Loopty Goopty
16%
Clara
15%
Collin
15%
Keenie
15%
Chazwick Thurman
13%
Kitty
13%
Lin
13%
Lyle Lipton
13%
Odette
13%
Melissa
12%
Arackniss
11%
Kiki
11%
Cleetus
10%
Dennis
10%
Loo Loo
10%
Crimson Knolastname
9%
Tilla
9%
Crymini
7%
Eddie
7%
Ethan
7%
Emberlynn Pinkle
6%
Hen
5%
Rolando
5%
Alessio
4%
Bea
4%
Bombproof
4%
Rita
4%
Arick Burnz
2%
Belle
2%
Counselor Jimmy
2%
Honey
2%
Ox
2%
Vikki
2%
Yogirt
2%
Ace
1%
Bethany Ghostfucker
1%
Driveso
1%
Dr. Somna
1%
Jesse
1%
Milky
1%
Mister Butler
1%
Mr. Pinkle
1%
Mrs. Pinkle
1%
Muffy
1%
Robert Sinclaire
1%
Steviathan Von Eldritch
1%
Throne
1%
Villa
1%
Wacky Wackford
1%
Adam Neylan
0%
Apple
0%
Beau
0%
Brennon Rogers
0%
Butch
0%
Cake
0%
Catfish
0%
Cleo
0%
Coco
0%
Crane
0%
Crunch
0%
Curry
0%
Dominion
0%
Frank McTickly Wrigglers
0%
Garardo Velazquez
0%
Giancario
0%
Gigi
0%
Ice Cube
0%
Jarod Mayberry
0%
Joe Smoe
0%
Josh
0%
Kitti
0%
Lavender
0%
Lithe
0%
Luigi Paesano
0%
Marcella
0%
Nickel
0%
Opal
0%
Paper Plates
0%
Paradise
0%
Paulie Paesano
0%
Rachel
0%
Ralphine
0%
Robin
0%
Russ
0%
Shoc.Wav
0%
Shrimp
0%
Spur
0%
Square
0%
Stu
0%
The Patriot
0%
Titus
0%
Toledo the Igor
0%
Tommy Two-Holes
0%
Uggie
0%
Virtue
0%
Yelling Old Delores
0%
No matching quizzes found
Score Distribution
Percent of People with Each Score
Percentile by Number Answered
Your Score History
You have not taken this quiz since the last reset